| 000 | 00805nam a2200229 a 4500 | ||
|---|---|---|---|
| 001 | 000025288 | ||
| 005 | 20260219105723.0 | ||
| 008 | 110214s2006 dr 000 0 spa d | ||
| 040 |
_aDO-SdBNP _bspa _cBNPHU |
||
| 082 |
_a371.2 _bL864a |
||
| 100 | 1 |
_aLópez Ferreiras, Altagracia _951812 |
|
| 245 | 1 | 0 |
_aAproximación a la calidad docente eje de la excelencia académica / _cAltagracia López Ferreiras. |
| 260 |
_aSanto Domingo : _bINTEC, _c2006. |
||
| 300 |
_a141 p. ; _c22 cm. |
||
| 490 | 1 |
_aDocumentos _v16 |
|
| 590 | _aInventariado,2018/DG | ||
| 650 | 4 |
_aCalidad de la educación _917482 |
|
| 650 | 0 |
_aEducación superior _zRepública Dominicana _9730 |
|
| 710 | 2 |
_aInstituto Tecnológico de Santo Domingo _978911 |
|
| 830 | 0 |
_aDocumentos _v16 _91047 |
|
| 910 | _aValidado. Control de calidad MMOLINA | ||
| 999 |
_c24781 _d24781 |
||